000 00495nam a2200193Ia 4500
003 GCL
008 140319s9999 xx 000 0 ara d
040 _aGCL /
_cGCL
082 0 4 _a133.54
_bه م
100 1 _aهالة عمر
245 1 0 _aموسوعة عالم الابراج /
_cهالة عمر
260 _a[S.N] :
_bهلا بوك شوب ،
_c1994
300 _a441 ص
490 _a
650 0 4 _aالنجوم
650 0 4 _aالتنجيم
650 0 4 _aالفلك
942 _2ddc
_cBK
999 _c50457
_d50457